000 00679cam a22002411 4500
001 ne 63000127
003 DLC
005 20260227111740.0
008 820802s1959 ua a b 000 0 eng
010 _ane 63000127
035 _a(OCoLC)8649720
040 _aDLC
_cOCoLC
_dDLC
042 _apremarc
050 0 0 _aHB2333
_b.H3
100 1 _aḤamdān, Jamāl al-Dīn Maḥmūd.
245 0 0 _aStudies in Egyptian urbanism
_c[by] G. Hamdan.
260 _aCairo,
_bRenaissance Bookshop
_c[1959?]
300 _a78 p.
_billus.
_c24 cm.
504 _aIncludes bibliography.
651 0 _aEgypt
_xPopulation.
650 0 _aCities and towns
_zEgypt.
740 0 _aEgyptian urbanism.
999 _c45448
_d45448